00809cam a22002297a 4500003000500000005001700005008004100022010001000063011001000073035001000083040000900093100002600102245016300128260004100291300001100332502007500343650003300418650002500451650004900476650003300525650002100558CHAP20220329142558.0010920d2001 mx r 00110 spa d a85216 a86188 a96726 cCHAP00aCruz Morales, Albino.10aDiagnóstico de recursos naturales en el área de influencia de San Juan Ahuehueco, municipio de Tepehuacán de Guerrero, Hidalgoc/por Albino Cruz Morales aChapingo, Méx. :bEl autor,c2001. a127 h. aTesis (ing. en Agroecología) -- UACH. Departamento de Agroecología14aAguaxConservacionxHidalgo.14aBotánicaxHidalgo.14aRecursos naturalesxConservaciónzHidalgo.14aRecursos naturaleszHidalgo.14aSueloszHidalgo.